000
00216nam a2200085Ia 4500
008
250605s9999 xx 000 0 und d
041
_a
eng
100
_a
Ranvijay Singh
245
_a
KRG Strategy Consultants Private Limited
999
_c
46334
_d
46334